Structure and identification of Malayan woods

Bibliographic Details
Main Author: MENON
Format: Book
Published: Kuala Lumpur : Forest Research Institute, Forest Department , 1967
Series:Malayan forest records; n. 25
Subjects:

MARC

LEADER 00000cam a2200000 7i4500
001 0000001344
005 20140510.0
090 0 0 |a 634.9709595   |b MEN 1967 
100 1 0 |a MENON   |h P. K. Balan 
245 1 0 |a Structure and identification of Malayan woods   |c P. K. Balan Menon 
260 0 0 |a Kuala Lumpur :   |b Forest Research Institute, Forest Department ,   |c 1967 
300 |a xi, 121 p. :   |b ill. ;   |c 24 cm. 
440 0 0 |a Malayan forest records; n. 25 
500 0 0 |a Bibliography: [p. 118] and index 
650 0 0 |a Wood   |x Anatomy   |z Malaysia 
650 0 0 |a Wood   |x Identification   |z Malaysia 
998 |a JPSM 
999 |a 0000002220   |b Monograph   |c Open Shelf   |e Default branch 
999 |a 0000002633   |b Monograph   |c Open Shelf   |e Default branch